| 000 | 01153nam a22002657a 4500 | ||
|---|---|---|---|
| 999 |
_c2417 _d2417 |
||
| 003 | AR-CdUCM | ||
| 008 | 190304b ||||| |||| 00| 0 spa d | ||
| 020 | _a9508850140 | ||
| 040 |
_aMUNICIPALIDAD PROVINCIAL DEL CUSCO _cBIBLIOTECA MUNICIPAL DEL CUSCO |
||
| 041 | _heng | ||
| 082 |
_a338.2 / _bC31 |
||
| 100 |
_aCarson, Robert B. _98678 |
||
| 245 |
_aQué saben los economistas : _bintroducción a las políticas económicas para el siglo XXI / |
||
| 260 |
_aBuenos Aires : _bHeliasta, _c1995. |
||
| 300 |
_a285 páginas ; _bcuadros, diagramas ; _c22.5 cm. |
||
| 505 | _aContenido: La paradoja de la economía contemporánea -- Principales corrientes y tendencias ocultas de una disciplina en transición -- Posibilidades y límites del razonamiento económico -- En busca de una agenda económica del siglo XXI ... | ||
| 650 |
_aEconomía - introducción _98679 |
||
| 650 |
_aPolíticas económicas _96855 |
||
| 650 |
_aSiglo XXI _92856 |
||
| 650 |
_aAnálisis económico _95582 |
||
| 650 |
_aConceptos - Economía - Siglo XXI _98680 |
||
| 700 |
_aMizraji, Margarita (Traductora) _98681 |
||
| 942 |
_2ddc _cLIBROS |
||
| 945 |
_alccs _d2019-03-04 |
||